000 01280nam a2200469 a 4500
003 AR-BaBNM
005 20251128203536.0
008 082120s2002 ||||||||||||||000 | spa||
040 _cAR-BaBNM
100 1 _aMac Iver, R.M.
245 0 0 _aSociología
260 _aMadrid
_bTecnos
_c1963
300 _a717 p.
_btablas
490 0 _aSemilla y surco. Ciencias sociales
_vv. 1
500 _aIndice de autores: p. 697-705
500 _aIndice de materias: p. 707-717
504 _aContiene bibliografía por capítulo en: p. 663-693
650 4 _aSOCIOLOGIA
650 4 _aSOCIEDAD
650 4 _aVIDA SOCIAL
650 4 _aINDIVIDUO
650 4 _aPERSONALIDAD
650 4 _aSISTEMAS SOCIALES
650 4 _aESTRUCTURA SOCIAL
650 4 _aESTRATIFICACION SOCIAL
650 4 _aGRUPOS
650 4 _aFAMILIA
650 4 _aCLASES SOCIALES
650 4 _aGRUPOS ETNICOS
650 4 _aGRUPOS ETNICOS
650 4 _aRELACIONES RACIALES
650 4 _aMEDIOS DE COMUNICACION
650 4 _aCULTURA
650 4 _aDEMOGRAFIA
650 4 _aMEDIO AMBIENTE
700 1 _aPage, Charles H.
700 1 _aCazorla Pérez, José
_etraductor
800 1 _aJiménez de Parga, M.
_edirector
800 1 _aEstapé, Fabián
_edirector
942 _cBK
998 _cSILVI
999 _c3867
_d3867